| 000 | 01193cam3a220022900 4500 | ||
|---|---|---|---|
| 001 | tmp15392863 | ||
| 003 | UPRA | ||
| 005 | 20190816095234.0 | ||
| 008 | 950803s1973 be eng u | ||
| 035 | _a(Sirsi) r38730 | ||
| 035 | _a(UPRA)tmp15392863 | ||
| 040 | _cUPRA | ||
| 100 | 1 |
_aThomas, P. A. _6A100163.1 |
|
| 245 | 1 | 0 | _aMarine demospongiae of Mahe Island in the seychelles Bank (Indian ocean). |
| 260 |
_aTervuren, _c1973. |
||
| 490 | 1 |
_aMusee Royal de l'Afrique Centrale (Tervuren, Belgique). Annales. Ser. in-8, Sciences zoologiques ; _vno. 203 |
|
| 504 | _aBibliography: p. 91-96. | ||
| 650 | 0 |
_aSponges -- Mahe Island (Seychelles) -- Anatomy. _zSponges -- Mahe Island (Seychelles) -- Anatomy. _xSponges -- Mahe Island (Seychelles) -- Anatomy. _6S72142.1 |
|
| 810 | 2 |
_aMusee royal de l'Afrique centrale. Annales. Ser. in-8 , Sciences zoologique ; _tMusee royal de l'Afrique centrale. Annales. Ser. in-8 , Sciences zoologique ; _nMusee royal de l'Afrique centrale. Annales. Ser. in-8 , Sciences zoologique ; _pMusee royal de l'Afrique centrale. Annales. Ser. in-8 , Sciences zoologique ; _vno. 203. _6S16103.1 |
|
| 949 |
_aDT641.M8 _wlcc _i-46376 _mMAIN _tBOOK _lON-SHELF |
||
| 004 | 38730 | ||
| 999 |
_c84118 _d84118 |
||